01391nam a22002774aa4500003000800000005001700008008004100025017001800066020002200084040003000106082001700136100003300153245007800186246004400264250001300308260002900321300003200350500006700382505051100449650003000960653005500990653001901045653002301064653001301087653001301100BOFEUTO20260519153028.0260605t2026 bo gr 000 f spa d a4-193767-2026 a978-9917-663-28-7 6BOFEUTOaBOFEUTOcBOFEUTO a519.5bH531c aHerrera Leniz, Migueleautor aContenidos básicos de estadística descriptiva /cMiguel Herrera Leniz aBasic contents of descriptive statistic a6ta. ed. aOruro :bLatinas,c2026. a252p. ;bilus. ;c20.50 cm. aIncluye bibliografía, apéndice, fórmulas estadísticas. aCAPÍTULO 1. Nociones fundamentales de estadística CAPÍTULO 2. Distribución unidimensional de frecuencias CAPÍTULO 3. Medidas de tendencia central y de puntuación CAPÍTULO 4. Medidas de dispersión CAPÍTULO 5. Medidas de asimetría y kurtosis CAPÍTULO 6. Distribuciones bidimensionales CAPÍTULO 7. Regresión y correlación CAPÍTULO 8. Análisis de series de tiempo CAPÍTULO 9. Números índices CAPÍTULO 10. Estadística de atributos CAPÍTULO 11. Muestreo estadístico. aEstadística descriptiva aMetodología de una investigación estadística aDistribuciones aMedia aritmética aVarianza aMuestreo